Loading...
| Science - Other Science | 0 | 5 | 0 | 1 | 50 | 18 | 64.00 | 1 | 2 |
| Literature - European Literature | 0 | 3 | 0 | 0 | 30 | 111 | 124.67 | 0 | 0 |
| Religion | 0 | 2 | 0 | 0 | 20 | 91 | 97.00 | 1 | 2 |
| History - World History | 0 | 2 | 0 | 0 | 20 | 100 | 109.00 | 0 | 0 |
| Mythology | 0 | 2 | 0 | 0 | 20 | 113 | 119.00 | 0 | 1 |
| Literature - World Literature | 0 | 2 | 0 | 0 | 20 | 81 | 91.50 | 0 | 2 |
| Fine Arts - Painting and Sculpture | 0 | 2 | 0 | 1 | 20 | 137 | 139.50 | 0 | 0 |
| Social Science | 0 | 1 | 0 | 1 | 10 | 122 | 122.00 | 0 | 0 |
| History - Other History | 0 | 1 | 0 | 0 | 10 | 131 | 131.00 | 0 | 0 |
| Literature - American Literature | 0 | 1 | 0 | 0 | 10 | 40 | 40.00 | 0 | 1 |
| Literature - British Literature | 0 | 1 | 0 | 0 | 10 | 90 | 90.00 | 0 | 1 |
| Other Academic | 0 | 1 | 0 | 0 | 10 | 124 | 124.00 | 0 | 0 |
| Philosophy | 0 | 1 | 0 | 0 | 10 | 127 | 127.00 | 0 | 0 |
| Science - Physics | 0 | 1 | 0 | 0 | 10 | 67 | 67.00 | 0 | 1 |
| Fine Arts - Classical Music | 0 | 1 | 0 | 0 | 10 | 112 | 112.00 | 0 | 0 |
| Science - Chemistry | 0 | 1 | 1 | 1 | 5 | 119 | 119.00 | 0 | 1 |
| Geography | 0 | 0 | 0 | 0 | 0 | 0.00 | 0 | 0 | |
| Science - Biology | 0 | 0 | 0 | 0 | 0 | 0.00 | 0 | 0 | |
| History - American History | 0 | 0 | 0 | 0 | 0 | 0.00 | 0 | 0 | |
| Fine Arts - Other Fine Arts | 0 | 1 | 2 | 0 | 0 | 114 | 114.00 | 0 | 1 |
| History - European History | 0 | 0 | 1 | 0 | -5 | 0.00 | 0 | 0 |